|
|
|
|
| LEADER |
01062ncm a22002772a 4500 |
| 001 |
001229707 |
| 003 |
CZ BrMZK |
| 005 |
20120727130128.0 |
| 007 |
qu |
| 008 |
120710s1969 xr |||||||||||||||||cze d |
| 040 |
|
|
|a BOA001
|b cze
|
| 072 |
|
7 |
|a 784
|x Vokální hudba
|2 Konspekt
|9 9
|
| 100 |
1 |
|
|a Flosman, Oldřich,
|d 1925-1998
|7 jk01031472
|4 cmp
|
| 245 |
1 |
0 |
|a Vyznání
|h [hudebnina] :
|b klavírní doprovod ke skladbě žen /
|c Oldřich Flosman ; cvičení složili: Eva Bémová a Hana Stárková ; text písně Jiří Holub
|
| 250 |
|
|
|a 1. vyd.
|
| 260 |
|
|
|a Praha :
|b Olympia,
|c 1969
|
| 300 |
|
|
|a 41 s.
|
| 490 |
1 |
|
|a 4. Československá spartakiáda 1970. Hromadná vystoupení ;
|v sv. 11
|
| 700 |
1 |
|
|a Bémová, Eva
|7 jk01011502
|4 chr
|
| 700 |
1 |
|
|a Stárková, Hana
|7 jk01120916
|4 chr
|
| 700 |
1 |
|
|a Skoumal, Aloys,
|d 1904-1988
|7 jk01111589
|4 lyr
|
| 830 |
|
0 |
|a 4. československá spartakiáda 1970
|
| 910 |
|
|
|a BOA001
|b Mus4-0623.201
|
| 990 |
|
|
|a MU
|
| 991 |
|
|
|b 201207
|
| 996 |
6 |
|
|b 2619091709
|c Mus4-0623.201
|l MZK
|r Sklad / do 1 hodiny
|n 0
|w 001263512
|u 000010
|a 1
|e BOA001
|j MZK50
|s P
|